COMDEX COMPUTER COURSE KIT (Record no. 1738)

MARC details
000 -LEADER
fixed length control field 00324nam a2200133Ia 4500
008 - FIXED-LENGTH DATA ELEMENTS--GENERAL INFORMATION
fixed length control field 240624s9999 xx 000 0 und d
041 ## - LANGUAGE CODE
Language code of text/sound track or separate title eng
082 ## - DEWEY DECIMAL CLASSIFICATION NUMBER
Classification number 004 GUP
100 ## - MAIN ENTRY--PERSONAL NAME
Personal name GUPTA VIKAS
245 ## - TITLE STATEMENT
Title COMDEX COMPUTER COURSE KIT
260 ## - PUBLICATION, DISTRIBUTION, ETC.
Date of publication, distribution, etc. 2004
Place of publication, distribution, etc. New Delhi
Name of publisher, distributor, etc. Dreamtech Press
300 ## - PHYSICAL DESCRIPTION
Extent 432 : cm. ; 24
365 ## - TRADE PRICE
Currency code RS
Price amount 30
Holdings
Withdrawn status Lost status Damaged status Not for loan Home library Current library Shelving location Date acquired Source of acquisition Cost, normal purchase price Total Holds Full call number Barcode Date last seen Copy number Price effective from Koha item type
        IMTN IMTN Rack 1-A 01/08/2005 WD 299.00 1978 004 GUP 1738 06/24/2024 1 06/24/2024 Books
Designed & Maintained by: LRC IMT Nagpur Contact: lrc@imtnag.ac.in© 2024. All Rights Reserved.